000 01096nam a22003257a 4500
001 0007562
003 DO-SdBPM
005 20260119114813.0
007 ta
008 160331b 1990 sp ||||| |||| 00| 0 spa d
020 _a 843057350X
040 _6DO-SdBPM
_8spa
_aBPMSU
_crda
082 4 _aR590.3
_bE56r 1992
_222
245 0 0 _aEnciclopedia del reino animal /
_ctraducción Felipe Ruiz Ayuso ; ilustraciones Ray Burrows...[et.a]
264 _aMadreid :
_bSusaeta Ediciones,
_c1992
300 _a319 páginas :
_bilustraciones, retratos :
_c32 cm.
336 _atexto
_btxt
_2rdacontent
337 _asim mediación
_bn
_2rdamedia
338 _avolumen
_bnc
_2rdacarrier
500 _aIncluye índice
590 _aInventariado, 2026/VM
650 7 _aZoología
_v Diccionarios.
650 7 _aConducta animal
_vDiccionarios.
650 7 _aFotografía de animales
_v Diccionarios.
700 1 _aRuiz Ayuso, Felipe
_etraductores
700 1 _aBurrows, Ray
_eilustraciones
710 2 _aSusaeta Ediciones.
910 _aVMateo V. Control de calidad. BPMSU
942 _2ddc
_cBK
999 _c9479
_d9479